Provinces d'Argentine - Mort Subite - Statistiques

Statistiques générales
  • Ce quiz a été pris 38 fois
  • Le résultat moyen est 11 sur 23
Answers on the Grid
Answers color-coded by a green-red scale on the quiz's grid according to % correct below.
Jujuy
Salta
Tucuman
Catamarca
La Rioja
Santiago del Estero
Chaco
Formosa
Entre Rios
Misiones
Corrientes
San Juan
Mendoza
San Luis
Cordoba
Santa Fe
Buenos Aires
La Pampa
Neuquén
Chubut
Rio Negro
Santa Cruz
Terre de Feu
Ushuaia
Jalisco
Valencia
Antofagasta
Montevideo
Lampara
Aracaju
Barquisimeto
Chihuahua
Iquitos
Galice
Foggia
Huambo
 
Statistiques - réponses
Réponse % Correct
Santa Cruz
64%
Buenos Aires
59%
La Pampa
59%
Cordoba
55%
Entre Rios
55%
La Rioja
55%
Salta
55%
Santa Fe
55%
Mendoza
50%
Neuquén
50%
Santiago del Estero
50%
Terre de Feu
50%
Chaco
45%
Chubut
45%
Jujuy
45%
Tucuman
45%
Catamarca
41%
Corrientes
41%
Misiones
41%
Rio Negro
41%
San Juan
41%
Formosa
36%
San Luis
36%
Aucun quiz correspondant
Distribution des résultats
% des personnes avec chaque résultat
Percentile par nombre de réponses
Votre historique - résultats
Vous n’avez pas pris ce quiz